[Event "02"]
[Site "Donner Memorial Amsterdam NED"]
[Date "1996.??.??"]
[Round "?"]
[White "Sokolov, Ivan"]
[Black "Morozevich, Alexander"]
[Result "1/2-1/2"]
[WhiteElo "2665"]
[BlackElo "2625"]
[PlyCount "125"]
[EventDate "1996.??.??"]
[Source "www.chesslib.no"]
[SourceDate "2004.05.04"]

1. d4 c5 2. d5 e5 3. e4 d6 4. Nc3 a6 5. a4 g6 6. Be2 h5 7. Nf3 Bh6 8. O-O Bxc1 9. Qxc1 Bg4 10. Ng5 Bxe2 11. Nxe2 Qe7 12. Rb1 Nd7 13. h3 h4 14. f4 Rh5 15. Nf3 Ngf6 16. Nc3 Kf8 17. Qe3 Kg8 18. f5 gxf5 19. exf5 Kh8 20. a5 Rg8 21. b4 Qf8 22. b5 Rg3 23. Ne2 Rg7 24. bxa6 bxa6 25. c4 Qg8 26. Rf2 Qd8 27. Nd2 Qxa5 28. Nc3 Qa3 29. Rb3 Qc1+ 30. Nf1 Qxe3 31. Nxe3 Rhg5 32. Ra2 e4 33. Rxa6 Rg3 34. Kf2 Ne5 35. Ncd1 Nxc4 36. Rb8+ Kh7 37. Nxc4 Rxg2+ 38. Ke1 Rh2 39. Nce3 Rg1+ 40. Nf1 Nxd5 41. Raa8 Nf4 42. Nde3 Re2+ 43. Kd1 Rh1 44. Rh8+ Kg7 45. Rag8+ Kf6 46. Rh6+ Ke7 47. Rxh4 Rf2 48. Rgg4 Rhxf1+ 49. Nxf1 Rxf1+ 50. Kd2 e3+ 51. Kxe3 Nd5+ 52. Kd2 Rxf5 53. Re4+ Kd7 54. Rh8 Rf2+ 55. Re2 Rf3 56. h4 c4 57. Rb8 Kc7 58. Rf8 c3+ 59. Kc2 Nb4+ 60. Kb3 c2+ 61. Kxb4 c1=Q 62. Re7+ Kb6 63. Rb8+ 1/2-1/2

[Event "Garmisch"]
[Site "Garmisch"]
[Date "1994.??.??"]
[Round "15"]
[White "Hertneck, Gerald"]
[Black "Jussupow, Artur"]
[Result "1-0"]
[WhiteElo "2605"]
[BlackElo "2655"]
[PlyCount "81"]
[EventDate "1994.??.??"]
[Source "ChessBase"]

1. d4 c5 2. d5 e5 3. e4 d6 4. Ne2 Be7 5. Nec3 Bg5 6. Nd2 Ne7 7. Be2 O-O 8. O-O Na6 9. a4 Nc7 10. Bg4 b6 11. Bxc8 Rxc8 12. Qg4 Bxd2 13. Bxd2 a6 14. Qe2 Qd7 15. Rfb1 f5 16. f3 a5 17. Ra3 Ng6 18. Rb3 Rb8 19. g3 fxe4 20. fxe4 Qh3 21. Nd1 Rf7 22. Nf2 Qd7 23. Ra1 Rbf8 24. Be1 Qd8 25. Raa3 Qg5 26. Qd1 Na6 27. Rf3 Rxf3 28. Rxf3 Rxf3 29. Qxf3 Qc1 30. Qd1 Qxb2 31. Qg4 Nf8 32. Bd2 Nc7 33. Qc8 Qxc2 34. Bg5 Nxd5 35. exd5 e4 36. Be7 Kf7 37. Qxf8+ Kg6 38. Bxd6 Qc1+ 39. Kg2 e3 40. Qe8+ Kf5 41. Qe6+ 1-0

[Event "IX Foxwoods Open"]
[Site "Mashantucket USA"]
[Date "2007.04.05"]
[Round "2"]
[White "Izoria, Zviad"]
[Black "Bonin, Jay R"]
[Result "1-0"]
[WhiteElo "2722"]
[BlackElo "2421"]
[PlyCount "59"]
[EventDate "2007.04.04"]
[Source "www.chesslib.no"]
[SourceDate "2004.05.04"]

1. d4 c5 2. d5 e5 3. e4 d6 4. c4 Be7 5. Nf3 Bg4 6. Nbd2 Nf6 7. Be2 O-O 8. O-O Nbd7 9. Ne1 Bxe2 10. Qxe2 Ne8 11. Nd3 Bg5 12. g3 Nc7 13. f4 exf4 14. Nf3 Re8 15. Bxf4 Bxf4 16. gxf4 b5 17. b3 bxc4 18. bxc4 Nb6 19. Rac1 Qc8 20. e5 Qa6 21. Qe4 Re7 22. Ng5 g6 23. f5 f6 24. Ne6 fxe5 25. Qh4 Nbxd5 26. cxd5 Qxd3 27. Qxe7 Qe3+ 28. Kg2 Qd2+ 29. Rf2 Qxd5+ 30. Kg1 1-0

[Event "Moscow ol (Men)"]
[Site "Moscow"]
[Date "1994.??.??"]
[Round "2"]
[White "Huebner, Robert"]
[Black "Mokry, Karel"]
[Result "1/2-1/2"]
[WhiteElo "2605"]
[BlackElo "2530"]
[PlyCount "93"]
[EventDate "1994.11.??"]
[Source "ChessBase"]

1. d4 c5 2. d5 e5 3. e4 d6 4. Nc3 Be7 5. Nf3 h6 6. Be2 Bg5 7. Nxg5 hxg5 8. Qd3 f6 9. Nd1 Ne7 10. Ne3 Nd7 11. Bg4 a6 12. a4 Nf8 13. f3 Bxg4 14. fxg4 Nfg6 15. a5 Rc8 16. Bd2 Rc7 17. g3 O-O 18. Kf2 Nh8 19. Kg2 Nf7 20. Rab1 Qd7 21. h3 g6 22. Rhf1 Kg7 23. Rf3 Nh6 24. Rbf1 Rf7 25. R1f2 Rc8 26. Nc4 Rcf8 27. b4 cxb4 28. Bxb4 Nc8 29. Qa3 Rd8 30. Bd2 Qe7 31. Ne3 Qc7 32. Qd3 Qd7 33. c4 Rdf8 34. Bb4 Qa4 35. Bd2 b6 36. Qc3 Rc7 37. Qb4 Qxb4 38. Bxb4 bxa5 39. Bxa5 Rb7 40. Ra2 Nb6 41. Bxb6 Rxb6 42. Rff2 Nf7 43. Ra5 Rfb8 44. Kf3 Rb3 45. Rfa2 f5 46. gxf5 g4+ 47. hxg4 1/2-1/2

[Event "It Open"]
[Site "Ostende"]
[Date "1986.??.??"]
[Round "5"]
[White "Miles, Anthony J"]
[Black "Gheorghiu, Florin"]
[Result "1-0"]
[WhiteElo "2610"]
[BlackElo "2525"]
[PlyCount "107"]
[EventDate "1986.??.??"]
[Source "www.chesslib.no"]
[SourceDate "2004.05.04"]

1. d4 c5 2. d5 e5 3. e4 d6 4. Nc3 Be7 5. Nf3 Bg4 6. h3 Bxf3 7. Qxf3 Bg5 8. Bxg5 Qxg5 9. Nb5 Qd8 10. Qg4 Kf8 11. Nxd6 Nf6 12. Qc8 Qxc8 13. Nxc8 Nxe4 14. Bd3 Nd7 15. Bxe4 Rxc8 16. d6 Nf6 17. Bxb7 Rb8 18. Bf3 e4 19. Be2 Rxb2 20. O-O-O Rb6 21. g4 g6 22. g5 Nd7 23. a4 Kg7 24. Bb5 Rd8 25. Rd5 Nf8 26. Rxc5 Ne6 27. Re5 Rdxd6 28. Rd1 Nd4 29. c3 Nxb5 30. axb5 Rxd1+ 31. Kxd1 a6 32. bxa6 Rxa6 33. Rxe4 Ra2 34. Rf4 Ra5 35. h4 Ra2 36. c4 Kf8 37. Ke1 Ke7 38. Kf1 Rc2 39. Kg2 Rc3 40. f3 Rc2+ 41. Kg3 f5 42. Rd4 Ke6 43. f4 Rc3+ 44. Kf2 Rh3 45. Ke2 h6 46. c5 Ke7 47. c6 hxg5 48. hxg5 Rc3 49. Rd7+ Ke6 50. Rg7 Kd5 51. Rxg6 Rc4 52. Rf6 Rxf4 53. g6 Ke5 54. Rf8 1-0

[Event "Baden 72/58"]
[Site "?"]
[Date "1998.??.??"]
[Round "?"]
[White "Khenkin, Igor"]
[Black "Rogers, Ian"]
[Result "1-0"]
[WhiteElo "2565"]
[BlackElo "2570"]
[PlyCount "81"]
[EventDate "1998.??.??"]
[Source "ChessBase"]
[SourceDate "1998.02.01"]

1. d4 c5 2. d5 e5 3. e4 d6 4. Bb5+ Nd7 5. a4 g6 6. Nc3 Bh6 7. Bxh6 Nxh6 8. Qd2 Ng8 9. f4 exf4 10. Qxf4 Qf6 11. Qg3 h5 12. O-O-O h4 13. Qe3 Qe7 14. Nf3 Ngf6 15. e5 Ng4 16. Qd2 Ngxe5 17. Nxe5 dxe5 18. d6 Qe6 19. Nd5 Kf8 20. Qg5 Rb8 21. Nc7 Qf6 22. Qxf6 Nxf6 23. d7 Bxd7 24. Bxd7 Rd8 25. Bh3 Kg7 26. Rxd8 Rxd8 27. Rd1 Rd4 28. Rxd4 cxd4 29. Nb5 Nd5 30. Bc8 Nb6 31. Bxb7 Nxa4 32. Nxa7 f5 33. Nc8 Kf6 34. Bc6 Nxb2 35. Kxb2 e4 36. Kc1 g5 37. Bb7 Ke5 38. Ne7 h3 39. gxh3 f4 40. Nc6+ Kd5 41. Na5+ 1-0

[Event "Debrecen"]
[Site "?"]
[Date "1992.??.??"]
[Round "?"]
[White "Georgiev, Ki"]
[Black "Gheorghiu, F."]
[Result "1-0"]
[WhiteElo "2610"]
[BlackElo "2500"]
[PlyCount "67"]
[EventDate "1992.??.??"]
[Source "ChessBase"]
[SourceDate "1992.10.01"]

1. d4 c5 2. d5 e5 3. e4 d6 4. Nc3 Be7 5. Bb5+ Kf8 6. f4 exf4 7. Bxf4 Bg5 8. Qd2 Bxf4 9. Qxf4 a6 10. Bd3 Qf6 11. Qg3 Nd7 12. Nf3 Qe7 13. O-O Ngf6 14. Rae1 Ne5 15. Nxe5 Qxe5 16. Qxe5 dxe5 17. Na4 Nd7 18. c4 Rb8 19. Rc1 b6 20. a3 a5 21. Rb1 Ba6 22. b4 Ke7 23. Be2 f6 24. Rfc1 axb4 25. axb4 cxb4 26. Rxb4 Nc5 27. Ra1 Kd6 28. Rab1 Nxa4 29. Rxa4 Bc8 30. c5+ Kxc5 31. Rc1+ Kd6 32. Rc6+ Ke7 33. Ra7+ Kf8 34. Rd6 1-0

[Event "Ekaterinburg"]
[Site "?"]
[Date "1997.??.??"]
[Round "?"]
[White "Yakovich, Yu"]
[Black "Rashkovsky, N."]
[Result "1-0"]
[WhiteElo "2575"]
[BlackElo "2525"]
[PlyCount "83"]
[EventDate "1997.??.??"]
[Source "ChessBase"]
[SourceDate "1997.02.01"]

1. d4 c5 2. d5 e5 3. e4 d6 4. Nc3 a6 5. Nf3 b5 6. a4 b4 7. Nb1 Nf6 8. Nbd2 g6 9. Bd3 Bg7 10. Nc4 O-O 11. Bg5 h6 12. Bh4 Qc7 13. Bxf6 Bxf6 14. a5 Bg7 15. O-O Nd7 16. c3 Rb8 17. Qa4 Bb7 18. Nfd2 f5 19. Rfc1 Ba8 20. Ne3 f4 21. Nc2 f3 22. g3 c4 23. Bxc4 Nc5 24. Qa2 b3 25. Bxb3 Nxb3 26. Nxb3 Qc4 27. Nd2 Qd3 28. Nf1 Qxe4 29. Nce3 g5 30. b4 Qg6 31. Qc4 Bb7 32. Nd2 h5 33. Qe4 Qf6 34. c4 g4 35. c5 Bc8 36. Rab1 Bh6 37. Ndc4 Bf5 38. Qxf5 Qxf5 39. Nxf5 Bxc1 40. Ne7+ Kg7 41. Rxc1 Rxb4 42. Nc6 1-0

[Event "Bad Homburg"]
[Site "Bad Homburg"]
[Date "1996.??.??"]
[Round "6"]
[White "Alterman, Boris"]
[Black "Bezold, Michael"]
[Result "1-0"]
[WhiteElo "2590"]
[BlackElo "2495"]
[PlyCount "79"]
[EventDate "1996.07.20"]
[Source "ChessBase"]

1. d4 c5 2. d5 e5 3. e4 d6 4. Nf3 Be7 5. h3 h6 6. Nc3 Nd7 7. Be3 Ngf6 8. a4 O-O 9. Bd3 Nh7 10. a5 Nb8 11. Ne2 Na6 12. c3 Qc7 13. b3 Ng5 14. Nd2 Nh7 15. Nf3 Ng5 16. Nd2 Nh7 17. O-O Bg5 18. f4 exf4 19. Nxf4 Nb8 20. Qc2 Kh8 21. Nf3 Nd7 22. Nxg5 hxg5 23. e5 gxf4 24. exd6 Qd8 25. Rxf4 g6 26. Qf2 Ne5 27. Bxc5 Nxd3 28. Qd4+ Kg8 29. Qxd3 Bf5 30. Qd4 Re8 31. Raf1 b6 32. Ba3 Re2 33. R4f2 Re4 34. Qd2 Ng5 35. c4 Bxh3 36. Bb2 Bf5 37. Rxf5 gxf5 38. Rxf5 Nh7 39. Qh6 Rg4 40. Rh5 1-0

[Event "Skanska Open"]
[Site "Pardubice"]
[Date "2004.07.30"]
[Round "8"]
[White "Navara, David"]
[Black "Shtyrenkov, Veniamen"]
[Result "1-0"]
[WhiteElo "2616"]
[BlackElo "2465"]
[PlyCount "75"]
[EventDate "2004.07.23"]
[Source "Roberto Alvarez"]
[SourceDate "2004.08.10"]

1. d4 c5 2. d5 e5 3. e4 d6 4. Nc3 Be7 5. Nf3 a6 6. a4 Bg4 7. b3 b6 8. Bd3 Nf6 9. h3 Bc8 10. Nd2 O-O 11. Nc4 Nbd7 12. Qe2 Ne8 13. h4 Ndf6 14. Bg5 Ra7 15. g3 Kh8 16. f4 Ng4 17. Bxe7 Rxe7 18. f5 Nef6 19. h5 Ra7 20. Rg1 g6 21. hxg6 fxg6 22. O-O-O gxf5 23. exf5 b5 24. axb5 e4 25. Nxe4 Nxe4 26. Bxe4 Nf6 27. Nd2 Re8 28. Qd3 Nxe4 29. Nxe4 Bxf5 30. b6 Rg7 31. Rde1 Qxb6 32. Nf6 Rge7 33. Qc3 Rxe1+ 34. Rxe1 Rxe1+ 35. Qxe1 Qc7 36. Ne8 Qf7 37. Nxd6 Qxd5 38. Qe7 1-0

[Event "It Open"]
[Site "?"]
[Date "2005.05.04"]
[Round "5"]
[White "Markus Robert"]
[Black "Drazic Sinisa"]
[Result "1-0"]
[WhiteElo "2584"]
[BlackElo "2495"]
[PlyCount "113"]
[EventDate "2005.??.??"]
[Source "www.chesslib.no"]
[SourceDate "2004.05.04"]

1. d4 c5 2. d5 e5 3. e4 d6 4. Nc3 Be7 5. Bb5+ Nd7 6. a4 a6 7. Be2 Bg5 8. Nf3 Bxc1 9. Qxc1 Ne7 10. O-O O-O 11. Nd2 f5 12. a5 Nf6 13. f3 Ng6 14. Nc4 Nf4 15. Qd2 Qc7 16. Bd3 fxe4 17. Nxe4 Nxe4 18. Bxe4 Bf5 19. g3 Ng6 20. Qd3 Bxe4 21. fxe4 Nh8 22. Rxf8+ Rxf8 23. Rf1 Rxf1+ 24. Qxf1 Nf7 25. Qf5 g6 26. Qe6 Qd8 27. h4 Kg7 28. Kg2 h5 29. b3 Qc7 30. Qe8 Nh6 31. Qe6 Nf7 32. Kf3 Qd8 33. Ke2 Qc7 34. Kd2 Qd8 35. Kc1 Qc7 36. Kb1 Qd8 37. Kb2 Qc7 38. Qe8 Kf6 39. Nb6 Kg7 40. Nc8 Nd8 41. Nb6 Nf7 42. Ka3 Qd8 43. Qxd8 Nxd8 44. b4 cxb4+ 45. Kxb4 Kf8 46. c4 Nf7 47. c5 dxc5+ 48. Kxc5 Ke7 49. Nc4 Kd7 50. Kb6 Kc8 51. d6 g5 52. Kc5 gxh4 53. gxh4 Nd8 54. Nxe5 Ne6+ 55. Kb6 Kd8 56. Kxb7 Nc5+ 57. Kc6 1-0

[Event "Asia Ch"]
[Site "Dubai UAE"]
[Date "1996.??.??"]
[Round "?"]
[White "Graf, Alexander"]
[Black "Kakageldyev, Amanmurad"]
[Result "1-0"]
[WhiteElo "2595"]
[BlackElo "2475"]
[PlyCount "77"]
[EventDate "1996.??.??"]
[Source "www.chesslib.no"]
[SourceDate "2004.05.04"]

1. d4 c5 2. d5 e5 3. e4 d6 4. Nc3 a6 5. a4 g6 6. Be2 h5 7. Nf3 Bh6 8. Nd2 b6 9. Nc4 Ra7 10. O-O Bxc1 11. Qxc1 g5 12. Rb1 a5 13. Nb5 Rd7 14. c3 Ba6 15. Nba3 Bxc4 16. Nxc4 Ra7 17. b4 Rh6 18. bxa5 bxa5 19. Rb6 Ra6 20. Rb7 Nd7 21. Qd2 Ra8 22. Rfb1 Kf8 23. R1b5 Kg7 24. Rxd7 Qxd7 25. Nb6 Qd8 26. Nxa8 Qxa8 27. Qxg5+ Rg6 28. Qxh5 Nf6 29. Qf5 Qh8 30. g3 Qh6 31. Rb7 Rg5 32. Qe6 Qg6 33. h4 Rxg3+ 34. fxg3 Qxg3+ 35. Kf1 Qf4+ 36. Kg2 Qxe4+ 37. Bf3 Qg6+ 38. Kh3 Kg8 39. h5 1-0

[Event "Brno"]
[Site "Brno"]
[Date "1993.??.??"]
[Round "3"]
[White "Stohl, Igor"]
[Black "Hracek, Zbynek"]
[Result "1/2-1/2"]
[WhiteElo "2545"]
[BlackElo "2510"]
[PlyCount "29"]
[EventDate "1993.08.??"]
[Source "ChessBase"]

1. d4 c5 2. d5 e5 3. e4 d6 4. Nc3 Be7 5. Nf3 Bg4 6. h3 Bh5 7. g4 Bg6 8. h4 h6 9. Bd3 Nf6 10. Nd2 Nfd7 11. Nc4 Nb6 12. h5 Bh7 13. Ne3 Bg5 14. a4 O-O 15. a5 1/2-1/2

[Event "Biel Open"]
[Site "Biel SUI"]
[Date "1991.??.??"]
[Round "5"]
[White "Vaisser, Anatoli V"]
[Black "Gheorghiu, Florin"]
[Result "1-0"]
[WhiteElo "2565"]
[BlackElo "2480"]
[PlyCount "81"]
[EventDate "1991.07.??"]
[Source "www.chesslib.no"]
[SourceDate "2004.05.04"]

1. d4 c5 2. d5 e5 3. e4 d6 4. Nc3 Be7 5. Bb5+ Kf8 6. a4 Bg5 7. Nf3 Bxc1 8. Qxc1 g6 9. O-O Kg7 10. Nd2 Nh6 11. Bd3 f6 12. Nc4 Nf7 13. f4 Nd7 14. f5 Nb6 15. Ne3 Bd7 16. Qd1 Nc8 17. Bb5 Ne7 18. Rf3 Ng8 19. Rg3 Ngh6 20. Qh5 Ng5 21. Qe2 Rg8 22. h4 Ngf7 23. fxg6 hxg6 24. Rf1 Bc8 25. Qf2 Rf8 26. Be2 Nh8 27. Nf5+ Kh7 28. Nxh6 Kxh6 29. h5 f5 30. hxg6 Kg7 31. exf5 Bxf5 32. Qe3 Bxg6 33. Ne4 Rxf1+ 34. Bxf1 Qe7 35. Ng5 e4 36. Ne6+ Kf7 37. Qf4+ Kg8 38. Qxe4 Qf6 39. Bd3 Kf7 40. Qe3 Bxd3 41. Ng5+ 1-0

[Event "Biel"]
[Site "?"]
[Date "1979.07.30"]
[Round "4"]
[White "Kortschnoj Viktor"]
[Black "Hammer Peter"]
[Result "1-0"]
[WhiteElo "2695"]
[BlackElo "2350"]
[PlyCount "63"]
[EventDate "1979.??.??"]
[Source "www.chesslib.no"]
[SourceDate "2004.05.04"]

1. d4 c5 2. d5 e5 3. e4 d6 4. a4 Be7 5. Bd3 Bg5 6. Nd2 Ne7 7. h4 Bxd2+ 8. Bxd2 O-O 9. g4 Ng6 10. Qf3 Qd7 11. Be2 f6 12. Qg3 Qc7 13. Nh3 Nh8 14. f4 exf4 15. Bxf4 Nf7 16. g5 Qe7 17. gxf6 Qxf6 18. O-O-O Bxh3 19. Rxh3 Nd7 20. Bg4 Nde5 21. Be6 Kh8 22. Kb1 Nc4 23. Bc1 Rab8 24. b3 Nce5 25. Rg1 b6 26. Bg5 Qg6 27. Bf5 Qh5 28. Bf6 Ng6 29. Bg4 Qh6 30. Bg5 Nxg5 31. hxg5 Qxg5 32. Rxh7+ 1-0

[Event "Rakovica"]
[Site "Belgrade"]
[Date "1982.??.??"]
[Round "?"]
[White "Agzamov, Georgy"]
[Black "Ivanovic, Bozidar"]
[Result "1/2-1/2"]
[WhiteElo "2530"]
[BlackElo "2510"]
[PlyCount "81"]
[EventDate "1982.09.??"]
[Source "ChessBase"]

1. d4 c5 2. d5 e5 3. e4 d6 4. Nc3 Be7 5. Bb5+ Nd7 6. Nf3 Ngf6 7. Bd3 O-O 8. O-O Ne8 9. Nd2 g6 10. Nc4 Ng7 11. f4 exf4 12. Bxf4 Nb6 13. Qf3 Nxc4 14. Bxc4 a6 15. a4 Bf6 16. Kh1 Bd4 17. g4 g5 18. Bg3 f6 19. Nd1 Qe7 20. c3 Be5 21. Nf2 Bd7 22. a5 Be8 23. Kg2 h5 24. h3 Bg6 25. Rfe1 Rae8 26. Bd3 Qc7 27. Re2 Re7 28. Nd1 hxg4 29. hxg4 Ne8 30. Nf2 Rh7 31. Ree1 Rff7 32. Rh1 Rxh1 33. Nxh1 c4 34. Bc2 Rh7 35. Nf2 Qc5 36. Qe2 Qc8 37. Ra4 Rc7 38. Nd1 Qd7 39. Nf2 Qb5 40. Nd1 Qd7 41. Ra1 1/2-1/2

[Event "It (Open) Moscow RUS"]
[Site "?"]
[Date "2006.02.08"]
[Round "2"]
[White "Moradiabadi Elshan"]
[Black "Ovetchkin Roman"]
[Result "1/2-1/2"]
[WhiteElo "2490"]
[BlackElo "2548"]
[PlyCount "59"]
[EventDate "2006.??.??"]
[Source "www.chesslib.no"]
[SourceDate "2004.05.04"]

1. d4 c5 2. d5 e5 3. e4 d6 4. Nc3 Be7 5. f4 exf4 6. Bxf4 Nf6 7. Bb5+ Nbd7 8. a4 O-O 9. Nf3 a6 10. Bd3 Ng4 11. Qd2 Nde5 12. Bxe5 Nxe5 13. Nxe5 dxe5 14. O-O Bg5 15. Qf2 Qa5 16. Nd1 Bd7 17. Ne3 Bxe3 18. Qxe3 Qb4 19. Rfb1 Qd4 20. Qxd4 cxd4 21. c3 f5 22. cxd4 fxe4 23. Bxe4 Rf4 24. Re1 exd4 25. g3 Rf6 26. Rad1 Bxa4 27. Rxd4 Bb5 28. d6 Rd8 29. Red1 Bc6 30. Bxc6 1/2-1/2

[Event "Camp. uzbeco"]
[Site "Tashkent UZB"]
[Date "2008.04.25"]
[Round "2"]
[White "Safin, S."]
[Black "Dzhumaev, M."]
[Result "1/2-1/2"]
[WhiteElo "2481"]
[BlackElo "2557"]
[PlyCount "33"]
[EventDate "2008.04.24"]
[Source "www.chesslib.no"]
[SourceDate "2004.05.04"]

1. d4 c5 2. d5 e5 3. e4 d6 4. Nc3 a6 5. a4 Be7 6. Be2 Bg5 7. Nf3 Bxc1 8. Qxc1 Bg4 9. Nd2 Bxe2 10. Nxe2 Nf6 11. Nc3 b6 12. O-O O-O 13. Nc4 Ne8 14. a5 b5 15. Nb6 Ra7 16. b4 Rc7 17. bxc5 1/2-1/2

[Event "Munich"]
[Site "Munich"]
[Date "1989.??.??"]
[Round "?"]
[White "Petursson, Margeir"]
[Black "Bischoff, Klaus"]
[Result "0-1"]
[WhiteElo "2530"]
[BlackElo "2505"]
[PlyCount "70"]
[EventDate "1989.04.??"]
[Source "ChessBase"]

1. d4 c5 2. d5 e5 3. e4 d6 4. Be3 Be7 5. Qd2 Nd7 6. c4 h5 7. Nc3 Ngf6 8. h3 h4 9. g4 hxg3 10. fxg3 Ng4 11. Nf3 Nxe3 12. Qxe3 a6 13. O-O-O Nf6 14. Kb1 Bd7 15. Bd3 Qb8 16. g4 b5 17. Nd2 Nh7 18. h4 b4 19. Ne2 Bxg4 20. Rhg1 Nf6 21. Qf2 g6 22. Rdf1 Rh7 23. Nc1 Bh3 24. Rd1 Bd7 25. Be2 Qc7 26. Rh1 O-O-O 27. Rdf1 Rdh8 28. Qg3 Ne8 29. Nf3 Qd8 30. Qg2 f5 31. Rhg1 Bxh4 32. Nb3 Bf6 33. Qf2 fxe4 34. Nfd2 Rh2 35. Rg2 e3 0-1

[Event "DEN"]
[Site "?"]
[Date "2003.12.07"]
[Round "3.1"]
[White "Heine Nielsen Peter"]
[Black "Borge Nikolaj"]
[Result "1-0"]
[WhiteElo "2626"]
[BlackElo "2408"]
[PlyCount "77"]
[EventDate "2003.??.??"]
[Source "www.chesslib.no"]
[SourceDate "2004.05.04"]

1. d4 c5 2. d5 e5 3. e4 d6 4. Nf3 Be7 5. Bd3 Nd7 6. Nc3 Nf8 7. Bb5+ Bd7 8. Bxd7+ Qxd7 9. a4 Ng6 10. h4 Qg4 11. g3 Nf6 12. Nd2 Kd7 13. Nc4 Qxd1+ 14. Kxd1 Rhb8 15. Ke2 Bd8 16. Bd2 Ne8 17. f4 f6 18. h5 Ne7 19. Be3 b6 20. Rhb1 Rb7 21. h6 g6 22. fxe5 dxe5 23. a5 Nd6 24. Nxd6 Kxd6 25. axb6 Bxb6 26. Ra6 Rc8 27. Rba1 Kd7 28. Nb5 Ra8 29. c4 Nc8 30. Rf1 Ke7 31. b4 cxb4 32. c5 Bd8 33. Rfxf6 Rxb5 34. Rae6+ Kd7 35. c6+ Kc7 36. Rf7+ Kb8 37. Re8 b3 38. Rxd8 b2 39. Bc5 1-0

[Event "JUG-chT"]
[Site "Budva"]
[Date "1996.??.??"]
[Round "4"]
[White "Komarov, Dimitri"]
[Black "Ivanovic, Bozidar"]
[Result "1-0"]
[WhiteElo "2530"]
[BlackElo "2500"]
[PlyCount "119"]
[EventDate "1996.??.??"]
[Source "ChessBase"]

1. d4 c5 2. d5 e5 3. e4 d6 4. Nc3 Be7 5. f4 exf4 6. Bxf4 Nf6 7. Be2 Qa5 8. Qd2 O-O 9. Nf3 Bg4 10. O-O Bxf3 11. Bxf3 Nbd7 12. Qf2 Ne5 13. Bxe5 dxe5 14. Qg3 Bd6 15. Bg4 Kh8 16. Rxf6 gxf6 17. Qh4 Rg8 18. Qxf6+ Rg7 19. Qxd6 Rxg4 20. Qxe5+ Rg7 21. d6 Qd8 22. Rf1 Qg5 23. Qxg5 Rxg5 24. Rxf7 Rd8 25. Nd5 Kg8 26. Rxb7 Rxd6 27. Rxa7 Re5 28. Ra4 Kf7 29. Kf2 Re8 30. Kf3 Rf8 31. Ra5 c4 32. Rc5 Ra6 33. Nb4 Kg7+ 34. Ke3 Rg6 35. g3 Rh6 36. Rg5+ Kh8 37. h4 Rb6 38. a3 Rd6 39. h5 Rd1 40. Nd5 Rb1 41. e5 Re1+ 42. Kd2 Re4 43. Nf6 Rd8+ 44. Kc3 Re3+ 45. Kxc4 Re2 46. Kb3 Rc8 47. c4 Rb8+ 48. Kc3 Rexb2 49. Rg8+ Rxg8 50. Kxb2 Rb8+ 51. Kc3 Kg7 52. Nd7 Ra8 53. Kb4 Kf7 54. c5 Ke7 55. Nb6 Rg8 56. c6 Kd8 57. Kc5 h6 58. Nd5 Rg4 59. Kd6 Rg7 60. c7+ 1-0

[Event "Ibercaja Open"]
[Site "Zaragoza"]
[Date "1994.??.??"]
[Round "7"]
[White "Ubilava, Elizbar E"]
[Black "Strikovic, Aleksa"]
[Result "1/2-1/2"]
[WhiteElo "2535"]
[BlackElo "2495"]
[PlyCount "46"]
[EventDate "1994.04.??"]
[Source "www.chesslib.no"]
[SourceDate "2004.05.04"]

1. d4 c5 2. d5 e5 3. e4 d6 4. Nc3 Nf6 5. Be2 g6 6. Nf3 Bg7 7. Nd2 O-O 8. Nc4 b5 9. Nxb5 Nxe4 10. Bd2 a6 11. Nc3 Nxd2 12. Qxd2 f5 13. O-O Ra7 14. Rab1 Rb7 15. a3 e4 16. b4 cxb4 17. axb4 Qf6 18. Rb3 Bd7 19. Qf4 Rc7 20. b5 axb5 21. Nxb5 Bxb5 22. Rxb5 Nd7 23. Rfb1 Ne5 1/2-1/2

[Event "Ibercaja Open"]
[Site "Ibercaja op"]
[Date "1994.??.??"]
[Round "7"]
[White "Ubilava, Elizbar E"]
[Black "Strikovic, Aleksa"]
[Result "1/2-1/2"]
[WhiteElo "2535"]
[BlackElo "2495"]
[PlyCount "46"]
[EventDate "1994.??.??"]
[Source "www.chesslib.no"]
[SourceDate "2004.05.04"]

1. d4 c5 2. d5 e5 3. e4 d6 4. Nc3 Nf6 5. Be2 g6 6. Nf3 Bg7 7. Nd2 O-O 8. Nc4 b5 9. Nxb5 Nxe4 10. Bd2 a6 11. Nc3 Nxd2 12. Qxd2 f5 13. O-O Ra7 14. Nb1 Rb7 15. Nb6 Rf6 16. b3 Be6 17. a3 e4 18. Na4 Nc6 19. Qd4 Rxb3 20. Nb2 Rxa3 21. c4 Ra4 22. Qe3 Ra3 23. Qf3 a5 1/2-1/2

[Event "JUG Team Ch"]
[Site "Tivat"]
[Date "1995.??.??"]
[Round "4"]
[White "Shneider, Aleksandr"]
[Black "Ivanovic, Bozidar"]
[Result "1-0"]
[WhiteElo "2530"]
[BlackElo "2495"]
[PlyCount "123"]
[EventDate "1995.??.??"]
[Source "www.chesslib.no"]
[SourceDate "2004.05.04"]

1. d4 c5 2. d5 e5 3. e4 d6 4. Nc3 Be7 5. Nf3 Bg4 6. h3 Bxf3 7. Qxf3 Bg5 8. Bxg5 Qxg5 9. Nb5 Qd8 10. Qg4 Kf8 11. Nxd6 Nf6 12. Qc8 Qxc8 13. Nxc8 Nxe4 14. Bd3 Nd7 15. Bxe4 Rxc8 16. d6 Rb8 17. Bf5 Nf6 18. O-O-O g6 19. Bd3 e4 20. Bc4 Kg7 21. Rhe1 Rhd8 22. a4 a6 23. a5 b5 24. axb6 Rxb6 25. d7 a5 26. f3 Rb4 27. b3 exf3 28. gxf3 Rb7 29. Re5 Rbxd7 30. Rxd7 Rxd7 31. Rxc5 Ra7 32. Kb2 Nd7 33. Rb5 Kf6 34. Ka3 Ke7 35. Bd5 f6 36. Bc6 Ne5 37. Be4 Kd6 38. Rb6+ Ke7 39. Ka4 Nd7 40. Rb5 Kd6 41. Rd5+ Ke6 42. Rxa5 Nc5+ 43. Kb4 Rxa5 44. Kxa5 Nxe4 45. fxe4 g5 46. b4 h5 47. b5 Kd7 48. Ka6 g4 49. hxg4 hxg4 50. b6 g3 51. b7 g2 52. b8=Q g1=Q 53. Qb7+ Ke8 54. Qa8+ Kd7 55. Qd5+ Ke7 56. c4 Qg3 57. c5 Qa3+ 58. Kb7 Qb2+ 59. Kc8 Qa1 60. Kb8 Qg1 61. Qb7+ Ke6 62. c6 1-0

[Event "Polanica Zdroj op"]
[Site "Polanica Zdroj"]
[Date "1996.??.??"]
[Round "5"]
[White "Sherbakov, Ruslan"]
[Black "Vokac, Marek"]
[Result "1/2-1/2"]
[WhiteElo "2565"]
[BlackElo "2455"]
[PlyCount "51"]
[EventDate "1996.??.??"]
[Source "www.chesslib.no"]
[SourceDate "2004.05.04"]

1. d4 c5 2. d5 e5 3. e4 d6 4. Nc3 Be7 5. Nf3 h6 6. a4 Bg5 7. Bb5+ Kf8 8. Nxg5 hxg5 9. Be2 Nh6 10. Bd2 Na6 11. Nb5 f6 12. Na3 Nf7 13. Nc4 Rh4 14. f3 Ke7 15. g3 Rh7 16. O-O Bd7 17. Rf2 Qc7 18. c3 Rah8 19. Ne3 g6 20. g4 Rc8 21. Nc4 Qb8 22. b4 cxb4 23. cxb4 Nc7 24. b5 Ne8 25. Be3 f5 26. exf5 1/2-1/2

[Event "Lenk Open"]
[Site "Lenk SUI"]
[Date "1991.??.??"]
[Round "3"]
[White "Tukmakov, Vladimir B"]
[Black "Gheorghiu, Florin"]
[Result "1/2-1/2"]
[WhiteElo "2520"]
[BlackElo "2495"]
[PlyCount "36"]
[EventDate "1991.06.??"]
[Source "www.chesslib.no"]
[SourceDate "2004.05.04"]

1. d4 c5 2. d5 e5 3. e4 d6 4. Nc3 Be7 5. Bb5+ Kf8 6. Bd3 g6 7. f4 exf4 8. Bxf4 f6 9. Nf3 Kg7 10. O-O Nd7 11. Qd2 h5 12. Ne2 Ne5 13. c4 Nh6 14. Nxe5 fxe5 15. Bxh6+ Rxh6 16. Rf7+ Kxf7 17. Qxh6 Qg8 18. Rf1+ Bf6 1/2-1/2

[Event "Ticino Open"]
[Site "Ticino"]
[Date "1993.??.??"]
[Round "6"]
[White "Gleizerov, Evgeny"]
[Black "Arbakov, Valentin"]
[Result "0-1"]
[WhiteElo "2555"]
[BlackElo "2460"]
[PlyCount "62"]
[EventDate "1993.??.??"]
[Source "www.chesslib.no"]
[SourceDate "2004.05.04"]

1. d4 c5 2. d5 e5 3. e4 d6 4. Nc3 a6 5. f4 exf4 6. Bxf4 Ne7 7. Be2 Ng6 8. Bg3 Be7 9. Nf3 Bf6 10. h4 Qe7 11. h5 Ne5 12. h6 g6 13. Nxe5 Bxe5 14. Bh4 f6 15. Qd3 b5 16. O-O-O Bd7 17. Rdf1 O-O 18. Nd1 a5 19. Ne3 Na6 20. Ng4 c4 21. Qf3 Bxg4 22. Qxg4 Nc5 23. Rh3 Nxe4 24. a4 bxa4 25. Bxc4 Nc5 26. Bf2 f5 27. Qe2 Rac8 28. Ra3 Rfe8 29. Qf3 Qb7 30. Ra2 Qb4 31. Bxc5 Qxc4 0-1